| 000 | 00000nam 2200000zi 4500 |
| 001 | 9.869278 |
| 003 | CaOODSP |
| 005 | 20250915080806 |
| 006 | m o d f |
| 007 | cr ||||||||||| |
| 008 | 190305e20180919onc ob f000 0 eng d |
| 040 | |aCaOODSP|beng|erda|cCaOODSP |
| 043 | |an-cn--- |
| 086 | 1 |aRv55-8/19-12-1-2018E-PDF |
| 245 | 00|aImportation of vehicles. |
| 250 | |a[September 19, 2018 edition]. |
| 264 | 1|aOttawa : |bCanada Border Services Agency = Agence des services frontaliers du Canada, |cSeptember 19, 2018. |
| 300 | |a1 online resource (28 pages). |
| 336 | |atext|btxt|2rdacontent |
| 337 | |acomputer|bc|2rdamedia |
| 338 | |aonline resource|bcr|2rdacarrier |
| 490 | 1 |aMemorandum, |x2369-2391 ; |vD19-12-1 |
| 500 | |aTitle from caption. |
| 500 | |aSuperseded Memorandum D: D19-12-1 dated January 11, 2016. |
| 500 | |aIssued also in French under title: Importation de véhicules. |
| 504 | |aIncludes bibliographical references. |
| 520 | |a"This memorandum outlines and explains the legislation, regulations and general guidelines that apply to the importation of vehicles"--Page 1. |
| 692 | 07|2gccst|aVehicles |
| 692 | 07|2gccst|aLegislation |
| 692 | 07|2gccst|aImports |
| 710 | 2 |aCanada Border Services Agency. |
| 775 | 08|tImportation de véhicules.|w(CaOODSP)9.869282 |
| 794 | |tImportation of vehicles.|b[August 14, 2019 edition]|w(CaOODSP)9.879252 |
| 830 | #0|aMemorandum (Canada Border Services Agency)|x2369-2391 ; |vD19-12-1.|w(CaOODSP)9.816825 |
| 856 | 40|qPDF|s628 KB|uhttps://publications.gc.ca/collections/collection_2019/asfc-cbsa/Rv55-8-19-12-1-2018-eng.pdf |